FIFA Confederations Cup 2017 Nations - Statistics

General Stats
  • This quiz has been taken 40 times
  • The average score is 6 of 7
Answer Stats
Hint Answer % Correct
World Cup Champions Germany
97%
Copa America Champions Chile
95%
Euro 2016 Champions Portugal
92%
Hosts Russia
89%
Asian Cup Champions Australia
81%
CONCACAF Cup Champions Mexico
81%
OFC Nations Cup Champions New Zealand
76%
No matching quizzes found
Score Distribution
Percent of People with Each Score
Percentile by Number Answered
Your Score History
You have not taken this quiz